[Event "Mondiale Lampo FIDE 2025"]
[Site "Doha"]
[Date "31.15.09"]
[Round "1.8"]
[White "Caruana, Fabiano"]
[Black "Grebnev, Aleksey"]
[Result "1-0"]
[WhiteElo "2795"]
[BlackElo "2632"]
[PlyCount "93"]
[EventDate "2025.12.29"]

1. e4 e5 2. d3 Nc6 3. Nc3 Nf6 4. g4 h6 5. Bg2 Bc5 6. h3 d6 7. Na4 Be6 8. Ne2 a5
9. Nxc5 dxc5 10. f4 exf4 11. Nxf4 Qd6 12. O-O O-O-O 13. Be3 Rhe8 14. b3 Qe5 15.
Qf3 Nd4 16. Qf2 Kb8 17. Rad1 Bxg4 18. hxg4 Nxg4 19. Qg3 Ne2+ 20. Nxe2 Qxg3 21.
Nxg3 Nxe3 22. Rc1 Nxf1 23. Rxf1 Rd7 24. Bh3 Rde7 25. Nf5 Re5 26. Kh2 Rg8 27.
Ne3 f6 28. Nc4 Rh5 29. Nxa5 Re8 30. Nc4 b6 31. a4 Kb7 32. Ne3 Rg5 33. Bg2 Ka6
34. Bf3 Ka5 35. c3 Rd8 36. Be2 Ka6 37. Nd5 Kb7 38. Nf4 Re8 39. Bf3 Kb8 40. Ra1
f5 41. Nh3 Rg6 42. exf5 Rf6 43. Be4 Rd8 44. Nf4 g5 45. Ne6 Rd6 46. a5 b5 47.
Nxc5 1-0

[Event "Mondiale Lampo FIDE 2025"]
[Site "Doha"]
[Date "31.15.09"]
[Round "2.6"]
[White "Pranesh, M."]
[Black "Caruana, Fabiano"]
[Result "1/2-1/2"]
[WhiteElo "2627"]
[BlackElo "2795"]
[PlyCount "104"]
[EventDate "2025.12.29"]

1. e4 c5 2. Nc3 Nc6 3. Nge2 Nf6 4. d4 cxd4 5. Nxd4 e5 6. Ndb5 d6 7. Nd5 Nxd5 8.
exd5 Nb8 9. a4 Be7 10. Be2 O-O 11. O-O Bf5 12. Be3 a6 13. Na3 Nd7 14. Nc4 Rc8
15. a5 Bg6 16. Kh1 h6 17. Ra3 Nc5 18. Nb6 Rc7 19. c4 Bg5 20. b4 Ne4 21. f3 Bxe3
22. Rxe3 Ng5 23. Rc3 f5 24. c5 f4 25. c6 e4 26. Qd4 Qe7 27. cxb7 Rxc3 28. Qxc3
exf3 29. Bxf3 Qxb7 30. Be2 Be4 31. h4 Nh7 32. Qh3 Bf5 33. Qc3 Qe7 34. Bxa6
Qxh4+ 35. Kg1 Ng5 36. Be2 Be4 37. Nd7 f3 38. Bxf3 Nxf3+ 39. Rxf3 Rxf3 40. gxf3
Qg3+ 41. Kf1 Bxf3 42. Qc8+ Kf7 43. Qf8+ Kg6 44. Qe8+ Kg5 45. Qe3+ Kh5 46. Qf2
Qh3+ 47. Ke1 Bxd5 48. Nb6 Qc3+ 49. Qd2 Qg3+ 50. Qf2 Qc3+ 51. Qd2 Qg3+ 52. Qf2
Bf3 1/2-1/2

[Event "Mondiale Lampo FIDE 2025"]
[Site "Doha"]
[Date "31.15.09"]
[Round "3.24"]
[White "Caruana, Fabiano"]
[Black "Puranik, Abhimanyu"]
[Result "1-0"]
[WhiteElo "2795"]
[BlackElo "2622"]
[PlyCount "75"]
[EventDate "2025.12.29"]

1. e4 e5 2. d3 Nc6 3. Nc3 Bc5 4. Nf3 Nf6 5. Nxe5 Nxe5 6. d4 Bd6 7. dxe5 Bxe5 8.
Bd3 O-O 9. O-O Re8 10. Bg5 h6 11. Bh4 g5 12. Bg3 Bxc3 13. bxc3 Nxe4 14. Qh5 Qf6
15. Bxc7 d5 16. f4 Qxc3 17. Be5 Rxe5 18. fxe5 Be6 19. Bxe4 dxe4 20. Qxh6 Qd4+
21. Kh1 Qxe5 22. Rae1 Rc8 23. h4 Rxc2 24. Qxg5+ Qxg5 25. hxg5 Bd5 26. Rf5 Bxa2
27. Rxe4 Be6 28. Ra5 a6 29. g6 Kg7 30. gxf7 Kxf7 31. Rh5 Rc6 32. Rh7+ Kg6 33.
Rxb7 Bd5 34. Rg4+ Kf5 35. Rbg7 Rc1+ 36. Kh2 Bc4 37. R7g5+ Kf6 38. Rc5 1-0

[Event "Mondiale Lampo FIDE 2025"]
[Site "Doha"]
[Date "31.15.09"]
[Round "4.11"]
[White "Mamedov, Rauf"]
[Black "Caruana, Fabiano"]
[Result "1-0"]
[WhiteElo "2645"]
[BlackElo "2795"]
[PlyCount "113"]
[EventDate "2025.12.29"]

1. e4 e5 2. Nc3 Nc6 3. g3 g6 4. Bg2 Bg7 5. d3 d6 6. Nge2 Nge7 7. O-O O-O 8. Be3
h6 9. d4 exd4 10. Nxd4 Ne5 11. h3 Nc4 12. Bc1 Bd7 13. f4 c5 14. Nde2 b5 15. b3
Nb6 16. f5 gxf5 17. exf5 Nxf5 18. a4 bxa4 19. bxa4 Re8 20. Qd3 Rxe2 21. Nxe2
Bxa1 22. a5 Na4 23. Rxf5 Bxf5 24. Qxf5 Rb8 25. Qg4+ Bg7 26. Bxh6 Qf6 27. Bxg7
Qxg7 28. Qxa4 Qe5 29. Qg4+ Kf8 30. Kh2 Rb2 31. Qc8+ Kg7 32. Qg4+ Kf8 33. Nf4
Rxc2 34. Qf3 Kg8 35. Qg4+ Kf8 36. Qf3 Kg8 37. h4 c4 38. h5 c3 39. Nd5 Rd2 40.
Nxc3 d5 41. Nxd5 Rd4 42. Nf4 Qxa5 43. Qg4+ Kh7 44. Qe2 Qf5 45. Qe3 Ra4 46. Qc3
a5 47. Bf1 Ra2+ 48. Kg1 Qg4 49. Bd3+ Kg8 50. Qe1 a4 51. Qe8+ Kg7 52. h6+ Kf6
53. Qd8+ Ke5 54. Qc7+ Kd4 55. Qc4+ Ke3 56. Qxa2 Qxg3+ 57. Ng2+ 1-0

[Event "Mondiale Lampo FIDE 2025"]
[Site "Doha"]
[Date "31.15.09"]
[Round "5.33"]
[White "Caruana, Fabiano"]
[Black "Uskov, Artem"]
[Result "1-0"]
[WhiteElo "2795"]
[BlackElo "2516"]
[PlyCount "153"]
[EventDate "2025.12.29"]

1. e4 c5 2. Nf3 e6 3. d3 Nc6 4. g3 Nf6 5. Bg2 d6 6. O-O Be7 7. Re1 e5 8. c3 O-O
9. h3 h6 10. d4 exd4 11. cxd4 d5 12. exd5 Nxd5 13. Nc3 Bf6 14. Nxd5 Qxd5 15.
Be3 Rd8 16. Ne5 Qe6 17. Nxc6 bxc6 18. Qc1 cxd4 19. Bxd4 Bxd4 20. Rxe6 Bxe6 21.
Qc2 Rab8 22. Rd1 Bxa2 23. Rd2 c5 24. b4 Be6 25. bxc5 Bb3 26. Qc1 Rbc8 27. c6
Be6 28. Qa3 Bb6 29. Rxd8+ Rxd8 30. Qc1 Rc8 31. h4 Rc7 32. Qc2 Rc8 33. Be4 Rd8
34. Kg2 Rc8 35. Qc3 Rc7 36. Qe5 Rc8 37. h5 Re8 38. Qc3 Bg4 39. Bf3 Be6 40. Qc2
Rc8 41. Be4 Re8 42. Qd3 Rd8 43. Qc2 Rc8 44. Qc3 Rd8 45. Bf3 Rc8 46. Qe5 Bc7 47.
Qe4 Bb6 48. Qf4 Bc7 49. Qa4 Bb6 50. Qa6 Rc7 51. Be4 Re7 52. Qb5 Rc7 53. Bd5 Bc8
54. Qe2 Kf8 55. Qe4 Re7 56. Qb4 Bc7 57. Qc5 a5 58. Qc2 Re5 59. Bf3 Ke7 60. Qh7
a4 61. Qd3 Bd6 62. Qd4 a3 63. Qa7+ Kd8 64. Qb6+ Bc7 65. Qd4+ Ke7 66. Qa7 Kd8
67. Qxa3 Ke8 68. Qa7 Kd8 69. Qa8 f5 70. Qa2 Re8 71. Qf7 Bd6 72. Qxg7 Re6 73.
Qg8+ Kc7 74. Qh7+ Kb6 75. Qxf5 Re8 76. Qf6 Re6 77. Qd8+ 1-0

[Event "Mondiale Lampo FIDE 2025"]
[Site "Doha"]
[Date "31.15.09"]
[Round "6.20"]
[White "Oro, Faustino"]
[Black "Caruana, Fabiano"]
[Result "0-1"]
[WhiteElo "2503"]
[BlackElo "2795"]
[PlyCount "118"]
[EventDate "2025.12.29"]

1. e4 c5 2. Nf3 Nc6 3. Nc3 g6 4. d4 cxd4 5. Nxd4 Bg7 6. Be3 Nf6 7. Bc4 O-O 8.
Bb3 d6 9. f3 Bd7 10. Qd2 Nxd4 11. Bxd4 b5 12. O-O-O a5 13. a4 bxa4 14. Bxa4
Bxa4 15. Nxa4 Rb8 16. b3 Qc7 17. Qc3 Qb7 18. Kb1 Rfc8 19. Qd3 Qc6 20. Bb2 Rb4
21. Rhe1 Rcb8 22. Nc3 a4 23. Nd5 Nxd5 24. exd5 Qc7 25. Bxg7 Kxg7 26. Re4 Rxb3+
27. cxb3 Rxb3+ 28. Qxb3 axb3 29. Re2 Qc4 30. Red2 h5 31. h3 h4 32. Rc1 Qa4 33.
Rc3 Qa3 34. Rb2 Qa5 35. Rbxb3 Qxd5 36. Rd3 Qg5 37. Rb2 Qf5 38. Rbd2 g5 39. Kc1
Kg6 40. Kd1 Qc5 41. Rd4 Qb5 42. Ke1 Qc5 43. Kf1 f6 44. Rd1 Kf7 45. R4d2 Ke6 46.
Re2+ Kd7 47. Rb1 e5 48. Reb2 Ke6 49. Rb6 Kf5 50. R6b5 Qd4 51. R5b4 Qc5 52. Rb5
Qc4+ 53. Kg1 d5 54. Rb6 d4 55. Rd6 Qc5 56. Rbb6 Kf4 57. Rxf6+ Kg3 58. Rfc6 Qa5
59. Rb1 Qd2 0-1

[Event "Mondiale Lampo FIDE 2025"]
[Site "Doha"]
[Date "31.15.09"]
[Round "7.11"]
[White "Caruana, Fabiano"]
[Black "Harikrishna, Pentala"]
[Result "1/2-1/2"]
[WhiteElo "2795"]
[BlackElo "2693"]
[PlyCount "83"]
[EventDate "2025.12.29"]

1. e4 e5 2. d3 Nf6 3. f4 exf4 4. Bxf4 d5 5. e5 Bg4 6. Be2 Bxe2 7. Qxe2 Nfd7 8.
e6 fxe6 9. Qxe6+ Qe7 10. Qxe7+ Bxe7 11. Bxc7 Na6 12. Ba5 Bf6 13. Bc3 d4 14. Bd2
O-O 15. Nf3 Rac8 16. Na3 Nac5 17. O-O Na4 18. b3 Nc3 19. Bxc3 Rxc3 20. Rae1 a6
21. Re2 b5 22. g3 Nb6 23. Nb1 Rc6 24. Rc1 Nd5 25. a3 Rfc8 26. Kf2 Nc3 27. Nxc3
Rxc3 28. Nd2 Rxc2 29. Rxc2 Rxc2 30. Ne4 Rc6 31. a4 Be7 32. axb5 axb5 33. Ra2
Kf7 34. Ra5 Rc2+ 35. Kf3 Rxh2 36. Rxb5 Rb2 37. g4 g6 38. Kf4 h5 39. gxh5 gxh5
40. Rxh5 Rxb3 41. Rh3 Ke6 42. Rh6+ 1/2-1/2

[Event "Mondiale Lampo FIDE 2025"]
[Site "Doha"]
[Date "31.15.09"]
[Round "8.9"]
[White "Safarli, Eltaj"]
[Black "Caruana, Fabiano"]
[Result "0-1"]
[WhiteElo "2644"]
[BlackElo "2795"]
[PlyCount "96"]
[EventDate "2025.12.29"]

1. e4 e5 2. Nf3 Nc6 3. Bb5 a6 4. Ba4 Nge7 5. O-O Ng6 6. d4 exd4 7. Nxd4 Nxd4 8.
Qxd4 b5 9. Bb3 Bb7 10. c4 c5 11. Qd1 b4 12. Re1 Be7 13. Ba4 O-O 14. Nd2 d6 15.
Nf3 Bf6 16. Qc2 h6 17. Bd2 Qc7 18. Rad1 Bc6 19. Bxc6 Qxc6 20. Bc1 Rfe8 21. b3
a5 22. h3 a4 23. Rd5 Re6 24. Red1 Ne7 25. Bf4 Qb7 26. Rxd6 Qxe4 27. Qxe4 Rxe4
28. Be3 Nf5 29. Rxf6 Nxe3 30. fxe3 gxf6 31. Rd5 axb3 32. axb3 Rxe3 33. Rxc5
Rxb3 34. Rb5 Rb2 35. Nh4 Rc8 36. c5 Kh7 37. Kh2 h5 38. Nf5 Re8 39. c6 Ree2 40.
Nh4 Rec2 41. Rb6 Kh6 42. Kg3 b3 43. Nf5+ Kh7 44. Nh4 Rc3+ 45. Kh2 Ra2 46. c7 b2
47. Nf5 Rxc7 48. Nd4 Rc1 0-1

[Event "Mondiale Lampo FIDE 2025"]
[Site "Doha"]
[Date "31.15.09"]
[Round "9.7"]
[White "Caruana, Fabiano"]
[Black "Murzin, Volodar"]
[Result "1-0"]
[WhiteElo "2795"]
[BlackElo "2648"]
[PlyCount "85"]
[EventDate "2025.12.29"]

1. e4 c5 2. Nf3 d6 3. d4 cxd4 4. Nxd4 Nf6 5. Nc3 a6 6. Be2 e5 7. Nb3 Be7 8. Be3
Be6 9. f4 exf4 10. Bxf4 Nc6 11. Qd2 O-O 12. O-O-O Ne5 13. Rhg1 b5 14. g4 Rc8
15. g5 Nfd7 16. Kb1 Re8 17. h4 Bf8 18. h5 Nb6 19. Rg3 Nbc4 20. Bxc4 Nxc4 21.
Qh2 b4 22. Ne2 Rc7 23. Nbd4 Qa8 24. g6 Qxe4 25. gxh7+ Kh8 26. Qf2 Ne5 27. Rdg1
Rec8 28. h6 Rxc2 29. Nxc2 Rxc2 30. Ka1 Rxe2 31. hxg7+ Bxg7 32. Rxg7 Ng6 33.
R7xg6 fxg6 34. Qh4 Qd4 35. Qd8+ Kxh7 36. Rh1+ Bh3 37. Rxh3+ Kg7 38. Qh8+ Kf7
39. Rh7+ Ke6 40. Qg8+ Kf5 41. Rf7+ Ke4 42. Qxg6+ Kf3 43. Bc1+ 1-0

[Event "Mondiale Lampo FIDE 2025"]
[Site "Doha"]
[Date "31.15.09"]
[Round "10.3"]
[White "Indjic, Aleksandar"]
[Black "Caruana, Fabiano"]
[Result "0-1"]
[WhiteElo "2635"]
[BlackElo "2795"]
[PlyCount "94"]
[EventDate "2025.12.29"]

1. d4 d5 2. c4 e6 3. Nf3 Nf6 4. Bg5 Be7 5. Nc3 Nbd7 6. e3 h6 7. Bf4 c6 8. Qc2
a6 9. g4 dxc4 10. e4 b5 11. O-O-O Bb7 12. Rg1 Qa5 13. g5 Nh5 14. Be3 O-O-O 15.
g6 f6 16. Bh3 Qc7 17. Bxe6 Nf4 18. Bf5 Kb8 19. Kb1 Nb6 20. Ne2 Nd3 21. Ne1 Nb4
22. Qc1 c5 23. d5 N6xd5 24. exd5 Nxd5 25. Ng3 Rhe8 26. Ng2 Bd6 27. Ka1 c3 28.
bxc3 Be5 29. Ne2 Qa5 30. Bf4 Nxf4 31. Ngxf4 Bf3 32. Rxd8+ Rxd8 33. Kb1 b4 34.
Rg3 bxc3 35. Rxf3 Qb4+ 36. Kc2 Qa4+ 37. Kb1 Rd1 38. Bc2 Qb4+ 39. Bb3 Qe4+ 40.
Rd3 Rxc1+ 41. Kxc1 Bxf4+ 42. Nxf4 Qxf4+ 43. Kc2 Qxf2+ 44. Kxc3 Qxh2 45. Bf7 Kc7
46. Rd5 Qf2 47. Kc4 Qc2# 0-1

[Event "Mondiale Lampo FIDE 2025"]
[Site "Doha"]
[Date "31.15.09"]
[Round "11.2"]
[White "Erigaisi, Arjun"]
[Black "Caruana, Fabiano"]
[Result "1/2-1/2"]
[WhiteElo "2775"]
[BlackElo "2795"]
[PlyCount "70"]
[EventDate "2025.12.29"]

1. d4 d5 2. c4 e6 3. Nc3 Nf6 4. Nf3 Nbd7 5. Qc2 dxc4 6. e4 c5 7. Bxc4 cxd4 8.
Nxd4 Ne5 9. Bb5+ Bd7 10. Bxd7+ Nfxd7 11. O-O Bc5 12. Rd1 O-O 13. a3 Rc8 14. Qe2
a6 15. Be3 Qe7 16. Rac1 b5 17. Nf3 Bxe3 18. Qxe3 Nxf3+ 19. Qxf3 Ne5 20. Qe2 Nc4
21. h3 h6 22. Rd3 Rfd8 23. Rcd1 Ne5 24. Rxd8+ Rxd8 25. Rxd8+ Qxd8 26. Qd1 Qxd1+
27. Nxd1 g5 28. Kf1 Kf8 29. Ke2 Ke7 30. Ne3 Kd6 31. b4 h5 32. g3 Ng6 33. Kd3
Ne5+ 34. Ke2 Ng6 35. Kd3 Ne5+ 1/2-1/2

[Event "Mondiale Lampo FIDE 2025"]
[Site "Doha"]
[Date "31.15.09"]
[Round "12.1"]
[White "Caruana, Fabiano"]
[Black "Carlsen, Magnus"]
[Result "1-0"]
[WhiteElo "2795"]
[BlackElo "2840"]
[PlyCount "59"]
[EventDate "2025.12.29"]

1. e4 d6 2. d4 Nf6 3. Nc3 e5 4. Nf3 Nbd7 5. Bc4 Be7 6. O-O O-O 7. a4 c6 8. a5
Qc7 9. Re1 h6 10. h3 Re8 11. d5 b5 12. axb6 Nxb6 13. Bb3 cxd5 14. exd5 Bd7 15.
Ra6 Rec8 16. Qd3 Qb7 17. Ra5 Bd8 18. Qa6 Qxa6 19. Rxa6 Ne8 20. Be3 Nc4 21. Bxc4
Rxc4 22. Nd2 Rc7 23. Rea1 Rb8 24. Nb3 Bf5 25. Na5 Rxb2 26. Nc6 Bg5 27. Bxg5
hxg5 28. Rxa7 Rxc2 29. Nb5 Bd3 30. Nxc7 1-0

[Event "Mondiale Lampo FIDE 2025"]
[Site "Doha"]
[Date "31.15.09"]
[Round "13.2"]
[White "Vachier-Lagrave, Maxime"]
[Black "Caruana, Fabiano"]
[Result "1/2-1/2"]
[WhiteElo "2734"]
[BlackElo "2795"]
[PlyCount "99"]
[EventDate "2025.12.29"]

1. e4 c5 2. Nf3 g6 3. Bc4 Bg7 4. c3 d6 5. d4 cxd4 6. cxd4 Nf6 7. Nc3 O-O 8. h3
Nxe4 9. Nxe4 d5 10. Bd3 dxe4 11. Bxe4 Nd7 12. O-O Nf6 13. Bc2 Be6 14. Re1 Bd5
15. Bb3 Rc8 16. Bg5 Qd6 17. Bxd5 Nxd5 18. Qb3 Rc7 19. Rac1 Rfc8 20. Rxc7 Rxc7
21. Qa4 Qd7 22. Qxa7 h6 23. Bd2 Rc2 24. b3 e6 25. Rc1 Rxc1+ 26. Bxc1 Qc6 27.
Bd2 g5 28. Qc5 Qa6 29. Qc8+ Kh7 30. Qe8 Qxa2 31. Qxf7 Qxb3 32. Qxe6 Qb1+ 33.
Kh2 Nf6 34. d5 Qe4 35. Qxe4+ Nxe4 36. Bb4 Kg6 37. Kg1 b5 38. Kf1 Bc3 39. Bxc3
Nxc3 40. d6 Kf6 41. Ne5 Nd5 42. Ng4+ Ke6 43. Nxh6 Kxd6 44. Nf7+ Kc5 45. Nxg5 b4
46. Ne4+ Kd4 47. Nd2 Kd3 48. Ke1 Nf4 49. Kd1 Nxg2 50. Nb3 1/2-1/2

[Event "Mondiale Lampo FIDE 2025"]
[Site "Doha"]
[Date "31.15.09"]
[Round "14.2"]
[White "Caruana, Fabiano"]
[Black "Grischuk, Alexander"]
[Result "1-0"]
[WhiteElo "2751"]
[BlackElo "2665"]
[PlyCount "99"]
[EventDate "2025.12.29"]

1. e4 c5 2. Nf3 d6 3. d4 cxd4 4. Nxd4 Nf6 5. Nc3 g6 6. Be2 Bg7 7. O-O O-O 8.
Be3 Nc6 9. a4 Bd7 10. Re1 a6 11. h3 Rc8 12. Nb3 Na5 13. Nxa5 Qxa5 14. Bd3 Be6
15. Bd2 Qc7 16. a5 d5 17. e5 Nd7 18. f4 Rfd8 19. Na4 Nc5 20. Nb6 Rb8 21. Qe2 d4
22. Bb4 Qc6 23. Rad1 Bf8 24. Bxc5 Qxc5 25. Qd2 Bd5 26. f5 e6 27. fxg6 hxg6 28.
Rf1 Qe7 29. Qf4 Bg7 30. Rf2 Bc6 31. Rdf1 Rf8 32. Nc4 Rbd8 33. Qg3 Rd5 34. h4
Bb5 35. Re2 Bxc4 36. Bxc4 Rc5 37. Bd3 Qc7 38. Rfe1 Rxa5 39. h5 gxh5 40. Qh2 Rd8
41. Qxh5 Rdd5 42. Qh7+ Kf8 43. Rf1 Rxe5 44. Ref2 f5 45. g4 Re3 46. gxf5 Rg3+
47. Rg2 Rxg2+ 48. Kxg2 e5 49. f6 Qc6+ 50. Be4 1-0

[Event "Mondiale Lampo FIDE 2025"]
[Site "Doha"]
[Date "31.15.09"]
[Round "15.2"]
[White "Caruana, Fabiano"]
[Black "So, Wesley"]
[Result "1/2-1/2"]
[WhiteElo "2751"]
[BlackElo "2790"]
[PlyCount "32"]
[EventDate "2025.12.29"]

1. e4 e5 2. Nf3 Nc6 3. Bb5 Nf6 4. O-O Nxe4 5. Re1 Nd6 6. Nxe5 Be7 7. Bf1 Nxe5
8. Rxe5 O-O 9. d4 Bf6 10. Re1 Re8 11. Rxe8+ Nxe8 12. c3 d5 13. Bf4 Bg5 14. Bg3
Bh4 15. Bf4 Bg5 16. Bg3 Bh4 1/2-1/2

[Event "Mondiale Lampo FIDE 2025"]
[Site "Doha"]
[Date "31.15.09"]
[Round "16.2"]
[White "Yu, Yangyi"]
[Black "Caruana, Fabiano"]
[Result "1/2-1/2"]
[WhiteElo "2704"]
[BlackElo "2751"]
[PlyCount "39"]
[EventDate "2025.12.29"]

1. e4 c5 2. Nf3 g6 3. d4 cxd4 4. Qxd4 Nf6 5. e5 Nc6 6. Qa4 Nd5 7. Qb3 Nc7 8.
Nc3 Bg7 9. Be3 Nxe5 10. Nxe5 Bxe5 11. O-O-O d6 12. h4 h5 13. Bc4 O-O 14. Bh6
Bg7 15. Bxg7 Kxg7 16. Rhe1 Bf5 17. Qxb7 e6 18. Bd3 Bxd3 19. Rxd3 d5 20. Qb4
1/2-1/2

[Event "Mondiale Lampo FIDE 2025"]
[Site "Doha"]
[Date "31.15.09"]
[Round "17.3"]
[White "Dubov, Daniil"]
[Black "Caruana, Fabiano"]
[Result "1/2-1/2"]
[WhiteElo "2795"]
[BlackElo "2751"]
[PlyCount "91"]
[EventDate "2025.12.29"]

1. d4 d5 2. c4 e6 3. Nf3 Nd7 4. Bg5 Be7 5. Bxe7 Nxe7 6. e3 O-O 7. Nc3 dxc4 8.
Bxc4 c5 9. O-O cxd4 10. Qxd4 Nb6 11. Be2 Qxd4 12. Nxd4 a6 13. Rac1 Bd7 14. Bf3
Rab8 15. Ne4 Ned5 16. Nc5 Rfd8 17. Rfd1 Be8 18. Ndb3 Na4 19. Rd4 Nxc5 20. Rxc5
b6 21. Rc1 Nf6 22. Kf1 e5 23. Rxd8 Rxd8 24. Ke1 Bd7 25. Nd2 Be6 26. a3 Nd7 27.
b4 a5 28. Rc7 axb4 29. axb4 h6 30. h4 g6 31. Bc6 Nf6 32. Rb7 Nd5 33. b5 Ra8 34.
Bxd5 Bxd5 35. Rxb6 Bxg2 36. e4 Ra2 37. Rb8+ Kg7 38. b6 Rb2 39. b7 f5 40. Nc4
Rb1+ 41. Kd2 Bxe4 42. Nd6 g5 43. hxg5 hxg5 44. Rc8 Bxb7 45. Rc7+ Kg6 46. Nxb7
1/2-1/2

[Event "Mondiale Lampo FIDE 2025"]
[Site "Doha"]
[Date "31.15.09"]
[Round "18.3"]
[White "Caruana, Fabiano"]
[Black "Martirosyan, Haik M"]
[Result "1/2-1/2"]
[WhiteElo "2795"]
[BlackElo "2625"]
[PlyCount "255"]
[EventDate "2025.12.29"]

1. e4 e5 2. Nf3 Nc6 3. Bb5 Nf6 4. d3 Bc5 5. Bxc6 dxc6 6. h3 Nd7 7. Nc3 O-O 8.
Be3 Bd6 9. O-O Re8 10. Nd2 Nf8 11. f4 exf4 12. Bxf4 Ng6 13. Bxd6 cxd6 14. Qf3
Be6 15. Qf2 Qb6 16. Qxb6 axb6 17. a4 Ra5 18. Rae1 f6 19. Re3 Bf7 20. Rfe1 Kf8
21. b3 Rg5 22. Kh2 Rge5 23. Nc4 Bxc4 24. bxc4 Ra8 25. Rb1 Ra6 26. Ree1 Ke8 27.
g4 Kd7 28. Kg3 Kc7 29. Rf1 Nf8 30. d4 Re8 31. h4 Ne6 32. Rbd1 Ra5 33. Rf5 h6
34. Kf2 Raa8 35. Ke3 Re7 36. Kd3 Rae8 37. Rdf1 Rh8 38. a5 bxa5 39. Rxa5 Ree8
40. Ne2 Ra8 41. Rfa1 Rxa5 42. Rxa5 Kb6 43. Ra1 h5 44. Rg1 Kc7 45. c3 Kd7 46.
Ke3 g5 47. hxg5 Nxg5 48. gxh5 Rxh5 49. Nf4 Rh2 50. Rb1 Kc7 51. Ra1 Rc2 52. Ra3
Rc1 53. Nd3 Rg1 54. Nf2 Rg3+ 55. Ke2 Ne6 56. Nd3 Rh3 57. Ra1 Ng5 58. e5 fxe5
59. dxe5 dxe5 60. Nxe5 Rxc3 61. Rd1 Ne4 62. Rd3 Rc2+ 63. Ke3 Nc5 64. Rd1 Rh2
65. Kd4 Ne6+ 66. Kc3 Nc5 67. Kd4 Ne6+ 68. Kc3 Rh7 69. Rf1 Kd6 70. Nd3 Rh3 71.
Kd2 Rh2+ 72. Kc3 Ng5 73. Rf4 Rh3 74. Rg4 Ne6 75. Kd2 c5 76. Rg6 Rh2+ 77. Kc3
Ke7 78. Rg1 Rh3 79. Kd2 Rh2+ 80. Kc3 Rh7 81. Rb1 Kf6 82. Rb6 Kf5 83. Kd2 Rh2+
84. Kc3 Rh7 85. Kd2 Rd7 86. Kc3 Rc7 87. Kd2 Ng5 88. Kc2 Ne4 89. Nc1 Ke5 90. Nb3
Rh7 91. Na5 Nd6 92. Kb3 Rh3+ 93. Kb2 Rh4 94. Kb3 Rh3+ 95. Kb2 Rg3 96. Kc2 Rg7
97. Kb3 Rd7 98. Kc3 Kf4 99. Rb1 Ne4+ 100. Kc2 Rd2+ 101. Kb3 b6 102. Nc6 Rf2
103. Rd1 Rf3+ 104. Kb2 Rf2+ 105. Ka3 Rf3+ 106. Kb2 Rh3 107. Ne7 Rh2+ 108. Ka3
Nc3 109. Nd5+ Nxd5 110. Rxd5 Rh3+ 111. Ka4 Rc3 112. Kb5 Rb3+ 113. Kc6 Rb4 114.
Rd8 Ke4 115. Rd7 Ke3 116. Rd8 Rxc4 117. Kxb6 Rc1 118. Kb5 Rc2 119. Rd7 c4 120.
Kb4 Ke2 121. Rd8 Rc1 122. Rd7 Ke3 123. Rd8 c3 124. Kb3 c2 125. Kb2 Rd1 126. Rc8
Rd2 127. Rxc2 Rxc2+ 128. Kxc2 1/2-1/2

[Event "Mondiale Lampo FIDE 2025"]
[Site "Doha"]
[Date "31.15.09"]
[Round "19.3"]
[White "Hakobyan, Aram"]
[Black "Caruana, Fabiano"]
[Result "0-1"]
[WhiteElo "2581"]
[BlackElo "2751"]
[PlyCount "142"]
[EventDate "2025.12.29"]

1. d4 Nf6 2. c4 e6 3. Nf3 d5 4. Nc3 Bb4 5. Qa4+ Nc6 6. a3 Bxc3+ 7. bxc3 O-O 8.
Bg5 h6 9. Bh4 Ne7 10. e3 c5 11. cxd5 Nexd5 12. c4 Bd7 13. Qc2 Qa5+ 14. Qd2
Qxd2+ 15. Nxd2 Nc3 16. Rc1 Na4 17. Bd3 cxd4 18. exd4 Bc6 19. f3 Rfd8 20. Nb3 b6
21. Be2 g5 22. Bf2 Nh5 23. O-O Nf4 24. Rfe1 Nxe2+ 25. Rxe2 Rac8 26. h4 Kh7 27.
Rec2 Bb7 28. hxg5 hxg5 29. Be3 Kg6 30. Kf2 Rh8 31. Rd2 Rc7 32. Rdc2 Rhc8 33.
Nd2 f5 34. f4 g4 35. c5 Bd5 36. Nc4 Bxc4 37. Rxc4 b5 38. Rb4 a6 39. Rh1 Nc3 40.
Rb3 Nd5 41. Bd2 Rd7 42. Rd3 Nf6 43. Be3 Ne4+ 44. Kg1 Rxc5 45. Rd1 Rc3 46. Re1
Rxa3 47. Rh8 g3 48. Re8 Kf7 49. Rh8 Kg7 50. Re8 Rd6 51. d5 Rxd5 52. Bb6 Rad3
53. Rxe6 b4 54. Ba5 b3 55. Rxa6 b2 56. Ra7+ Kg6 57. Rb7 Rxa5 58. Rb6+ Kf7 59.
Rxb2 Rad5 60. Rb7+ Rd7 61. Rbb1 Rd2 62. Rbc1 Kf6 63. Rc6+ R7d6 64. Rcc1 Rf2 65.
Kh1 Rxf4 66. Rc8 Rh4+ 67. Kg1 Nf2 68. Kf1 Rh1+ 69. Ke2 Re6+ 70. Kf3 Rhxe1 71.
Rf8+ Ke7 0-1